Orlando : una biografia /

সংরক্ষণ করুন:
গ্রন্থ-পঞ্জীর বিবরন
প্রধান লেখক: Woolf, Virginia
অন্যান্য লেখক: Sullam, Sara
বিন্যাস: গ্রন্থ
ভাষা:ইতালিয়
প্রকাশিত: Milano : Mondadori, 2023
সংস্করন:1. ed. con nuova traduzione
মালা:Oscar moderni. Cult
ট্যাগগুলো: ট্যাগ যুক্ত করুন
কোনো ট্যাগ নেই, প্রথমজন হিসাবে ট্যাগ করুন!

MARC

LEADER 00000nam a22000007i 4500
001 IT\ICCU\UBO\4761112
003 ItRI
005 20250513103736.0
008 231228s2023 it |||||| ||||| |||||c
020 |a 9788804753445 
040 |b ita  |c Arcigay Queer VdA 
041 7 |a ita  |2 ISO-639-2 
100 1 |a Woolf, Virginia  |0 IT\ICCU\CFIV\016490 
240 1 0 |a Orlando  |9 Woolf, Virginia 
245 1 0 |a Orlando :  |b una biografia /  |c Virginia Woolf ; traduzione di Sara Sullam. 
250 |a 1. ed. con nuova traduzione 
260 |a Milano :  |b Mondadori,  |c 2023 
300 |a XLVII, 268 p. :  |b ill. ;  |c 22 cm. 
700 1 |a Sullam, Sara  |0 IT\ICCU\LO1V\366109 
830 0 |a Oscar moderni. Cult  |0 IT\ICCU\PCM\0013455 
942 |2 ddc  |c BK 
952 |0 0  |1 0  |2 ddc  |4 0  |6 823_912000000000000_WOO_ORL  |7 0  |9 4242  |a AO  |b AO  |d 2025-05-13  |l 0  |o 823.912 WOO ORL  |p 11419  |r 2025-05-13 10:38:17  |w 2025-05-13  |x PROPRIETA DI SCORZONI GRETA  |y BK 
981 1 |6 z01  |a i   |b xxxe  
982 1 |6 z01  |a n 
999 |c 3259  |d 3259